Central Library OPAC University of Rajshahi

Optoelectronic devices and systems. (Record no. 38682)

MARC details
000 -LEADER
fixed length control field 00732cam a2200253 a 4500
001 - CONTROL NUMBER
control field 38682
003 - CONTROL NUMBER IDENTIFIER
rucl marc code (BD-RjUL)
005 - DATE AND TIME OF LATEST TRANSACTION
control field 20211209052836.0
008 - FIXED-LENGTH DATA ELEMENTS--GENERAL INFORMATION
fixed length control field 960523s1996 waua b 100 0 eng
020 ## - INTERNATIONAL STANDARD BOOK NUMBER
International Standard Book Number 9788120326941
International Standard Book Number 8120326946
035 ## - SYSTEM CONTROL NUMBER
System control number (BD-RjUL)
040 ## - CATALOGING SOURCE
Original cataloging agency DLC
Transcribing agency (BD-RjUL)
Modifying agency DLC
082 00 - DEWEY DECIMAL CLASSIFICATION NUMBER
Classification number 621.367
Edition number 20
Author mark and year GUO 2005
100 ## - MAIN ENTRY--PERSONAL NAME
Personal name Gupta, S. C.
9 (RLIN) 119353
245 00 - TITLE STATEMENT
Title Optoelectronic devices and systems.
Statement of responsibility, etc. S. C. Gupta
260 ## - PUBLICATION, DISTRIBUTION, ETC. (IMPRINT)
Place of publication, distribution, etc. New Delhi:
Name of publisher, distributor, etc. PHI Learning,
Date of publication, distribution, etc. c2005
300 ## - PHYSICAL DESCRIPTION
Pagination xvi, 636 p. :
Illustrations ill. ;
Size 23 cm.
504 ## - BIBLIOGRAPHY, ETC. NOTE
Bibliography, etc Includes bibliographical references.
650 #0 - SUBJECT ADDED ENTRY--TOPICAL TERM
Topical term or geographic name as entry element Optical data processing
9 (RLIN) 119354
Topical term or geographic name as entry element Optoelectronic devices
9 (RLIN) 119355
942 ## - ADDED ENTRY ELEMENTS (KOHA)
Source of classification or shelving scheme Dewey Decimal Classification
Koha item type Books
Holdings
Lost status Source of classification or shelving scheme Damaged status Not for loan Permanent Location Current Location Shelving location Date acquired Total Checkouts Full call number Date last seen Copy number Koha item type
  Dewey Decimal Classification   Not For Loan Department of Information and Communication Engineering (ICE) Library Department of Information and Communication Engineering (ICE) Library Seminar Library 07/02/2016   621.367 GUO 2005 07/02/2016 C-1 Books
  Dewey Decimal Classification   Not For Loan Department of Information and Communication Engineering (ICE) Library Department of Information and Communication Engineering (ICE) Library Seminar Library 07/02/2016   621.367 GUO 2005 07/02/2016 C-2 Books
  Dewey Decimal Classification   Not For Loan Department of Information and Communication Engineering (ICE) Library Department of Information and Communication Engineering (ICE) Library Seminar Library 23/03/2016   621.367 GUO 2005 23/03/2016 C-3 Books
  Dewey Decimal Classification   Not For Loan Department of Information and Communication Engineering (ICE) Library Department of Information and Communication Engineering (ICE) Library Seminar Library 23/03/2016   621.367 GUO 2005 23/03/2016 C-4 Books
  Dewey Decimal Classification   Not For Loan Department of Information and Communication Engineering (ICE) Library Department of Information and Communication Engineering (ICE) Library Seminar Library 23/03/2016   621.367 GUO 2005 23/03/2016 C-5 Books
  Dewey Decimal Classification   Not For Loan Department of Information and Communication Engineering (ICE) Library Department of Information and Communication Engineering (ICE) Library Seminar Library 23/03/2016   621.367 GUO 2005 23/03/2016 C-6 Books